American english dialects and variation
Salvato in:
| Autore principale: | |
|---|---|
| Natura: | Libro |
| Lingua: | inglese |
| Pubblicazione: |
Blackwell
2006
|
| Tags: |
Aggiungi Tag
Nessun Tag, puoi essere il primo ad aggiungerne!!
|
MARC
| LEADER | 00000nam a22000007a 4500 | ||
|---|---|---|---|
| 008 | 211028b ||||| |||| 00| 0 eng d | ||
| 020 | |a 1405112662 | ||
| 100 | |a Woleram, Walt | ||
| 245 | |a American english |b dialects and variation |c Walt Wolfram and Natalie Schilling-Estes |g xv, 452 p. : ill. | ||
| 250 | |b 2nd Ed. | ||
| 260 | |b Blackwell |c 2006 |d Book |h Malden M.A. |i 654677 |l PE 2841.W83 |m English language--Dialects--United States. |m English language--Variation--United States. |m Americanisms. | ||
| 500 | |a Includes bibliographical references (p. [410]-431) and index. | ||
| 942 | |a lcc |c BK |e Olagoke ,M.A. |f 28/10/2021 | ||
| 952 | |0 0 |1 0 |2 lcc |4 0 |7 0 |9 3745 |a HOL |b HOL |d 2021-10-28 |o PE 2841.W83 |p 2021-67478 |r 2021-10-28 00:00:00 |t 654677 |w 2021-10-28 |y BK | ||
| 999 | |c 1862 |d 1862 | ||